[Event "Titled Tuesday intern op 30th June"]
[Site "Chess.com INT"]
[Date "2020.06.30"]
[Round "6"]
[White "Belova, Olga"]
[Black "Juarez Flores, Gustavo Enrique"]
[Result "1-0"]
[WhiteElo "2069"]
[BlackElo "2108"]
[PlyCount "101"]
[EventDate "2020.06.30"]
[EventType "swiss (blitz)"]
[EventRounds "10"]
[EventCountry "USA"]
[SourceTitle "CBM 197 Extra"]
[Source "ChessBase"]
[SourceDate "2020.09.30"]
[SourceVersion "1"]
[SourceVersionDate "2020.09.30"]
[SourceQuality "1"]

1. e4 c5 2. Nf3 Nc6 3. Bb5 e5 4. Bxc6 dxc6 5. d3 Bd6 6. 0-0 Ne7 7. Ne1 Ng6 8. Nc3 0-0 9. Be3 f5 10. f3 f4 11. Bf2 Nh8 12. Ne2 g5 13. c3 h5 14. d4 cxd4 15. cxd4 g4 16. dxe5 Bxe5 17. Qb3+ Kg7 18. Rd1 Qe7 19. Bd4 Ng6 20. Qc3 Qf6 21. Bxe5 Nxe5 22. Nd3 gxf3 23. Nexf4 Bg4 24. Rd2 Nxd3 25. Qxf6+ Rxf6 26. Nxd3 fxg2 27. Rxg2 Rxf1+ 28. Kxf1 Rf8+ 29. Ke1 Kh6 30. e5 Rf3 31. Kd2 Rf1 32. Rf2 Rxf2+ 33. Nxf2 Be6 34. b3 Kg5 35. Ke3 Kf5 36. Nd3 b6 37. Kd4 c5+ 38. Ke3 c4 39. bxc4 Bxc4 40. Nb2 Bxa2 41. Kd4 Kg4 42. Nd3 Be6 43. h3+ Kf5 44. Nb4 a5 45. Nc6 a4 46. Nb4 a3 47. Kc3 Kxe5 48. Nd3+ Ke4 49. Nb4 Kf3 50. Nc6 Kg3 51. Nd4 1-0

[Event "Titled Tuesday intern op 30th June"]
[Site "Chess.com INT"]
[Date "2020.06.30"]
[Round "9"]
[White "Huda, Maryana"]
[Black "Juarez Flores, Gustavo Enrique"]
[Result "0-1"]
[WhiteElo "2128"]
[BlackElo "2108"]
[PlyCount "70"]
[EventDate "2020.06.30"]
[EventType "swiss (blitz)"]
[EventRounds "10"]
[EventCountry "USA"]
[SourceTitle "CBM 197 Extra"]
[Source "ChessBase"]
[SourceDate "2020.09.30"]
[SourceVersion "1"]
[SourceVersionDate "2020.09.30"]
[SourceQuality "1"]

1. e4 c5 2. Nf3 Nc6 3. d4 cxd4 4. Nxd4 Nf6 5. Nc3 e5 6. Ndb5 d6 7. Bg5 a6 8. Na3 b5 9. Nd5 Be7 10. Bxf6 Bxf6 11. c4 b4 12. Nc2 a5 13. Be2 0-0 14. 0-0 Bg5 15. Bg4 Be6 16. g3 g6 17. f4 exf4 18. gxf4 Bh4 19. f5 Bxd5 20. cxd5 Ne5 21. Kh1 h5 22. Bxh5 gxh5 23. Qxh5 Bg5 24. Rg1 f6 25. Nd4 Qe8 26. Rxg5+ fxg5 27. Qxg5+ Kf7 28. Rg1 Rg8 29. Qh5+ Ke7 30. Qh7+ Qf7 31. Qh4+ Kd7 32. Rc1 Qg7 33. Qf2 Qg4 34. Qc2 Rac8 35. Qa4+ Ke7 0-1

[Event "Titled Tuesday intern op 30th June"]
[Site "Chess.com INT"]
[Date "2020.06.30"]
[Round "8"]
[White "Juarez Flores, Gustavo Enrique"]
[Black "Sviridova, Vlada"]
[Result "1-0"]
[WhiteElo "2108"]
[BlackElo "2144"]
[PlyCount "75"]
[EventDate "2020.06.30"]
[EventType "swiss (blitz)"]
[EventRounds "10"]
[EventCountry "USA"]
[SourceTitle "CBM 197 Extra"]
[Source "ChessBase"]
[SourceDate "2020.09.30"]
[SourceVersion "1"]
[SourceVersionDate "2020.09.30"]
[SourceQuality "1"]

1. e4 e6 2. d4 d5 3. e5 c5 4. c3 Qb6 5. Nf3 Nc6 6. a3 c4 7. Nbd2 Na5 8. Rb1 Bd7 9. g3 Ne7 10. Bh3 h6 11. Nf1 Qc7 12. Be3 Nc8 13. N1d2 Nb6 14. 0-0 Ba4 15. Qe1 Bc2 16. Rc1 Bd3 17. Kh1 Bxf1 18. Bxf1 0-0-0 19. b4 cxb3 20. Rb1 b2 21. Rxb2 Qxc3 22. Qb1 Bxa3 23. Rc2 Qxc2 24. Qxc2+ Nc6 25. Bb5 Kd7 26. Nb3 a6 27. Bxc6+ bxc6 28. Na5 Rc8 29. Qb3 Nc4 30. Nxc4 dxc4 31. Qxa3 c5 32. dxc5 Rb8 33. Qxa6 Rb1+ 34. Kg2 Rhb8 35. Qd6+ Ke8 36. c6 c3 37. c7 Rc8 38. Bc5 1-0

[Event "Titled Tuesday intern op 16th June"]
[Site "Chess.com INT"]
[Date "2020.06.16"]
[Round "4"]
[White "Juarez Flores, Gustavo Enrique"]
[Black "Bonin, Jay R"]
[Result "0-1"]
[WhiteElo "2108"]
[BlackElo "2236"]
[PlyCount "40"]
[EventDate "2020.06.16"]
[EventType "swiss (blitz)"]
[EventRounds "10"]
[EventCountry "USA"]
[SourceTitle "EXT 2021"]
[Source "ChessBase"]
[SourceDate "2020.10.23"]
[SourceVersion "1"]
[SourceVersionDate "2020.10.23"]
[SourceQuality "1"]

1. e4 Nc6 2. d4 e5 3. d5 Nce7 4. c4 Ng6 5. Nc3 Nf6 6. Nf3 Bc5 7. h3 0-0 8. Bd3 d6 9. 0-0 Nh5 10. Na4 Bb6 11. Nxb6 axb6 12. Bg5 f6 13. Bd2 Nhf4 14. Be3 f5 15. exf5 Bxf5 16. Bxf5 Rxf5 17. Nd2 Rg5 18. Ne4 Rxg2+ 19. Kh1 Qh4 20. Qg4 Rxg4 0-1

[Event "Titled Tuesday intern op 16th June"]
[Site "Chess.com INT"]
[Date "2020.06.16"]
[Round "3"]
[White "Juarez Flores, Gustavo Enrique"]
[Black "Bykova, Anastasia"]
[Result "1/2-1/2"]
[WhiteElo "2108"]
[BlackElo "2215"]
[PlyCount "122"]
[EventDate "2020.06.16"]
[EventType "swiss (blitz)"]
[EventRounds "10"]
[EventCountry "USA"]
[SourceTitle "EXT 2021"]
[Source "ChessBase"]
[SourceDate "2020.10.23"]
[SourceVersion "1"]
[SourceVersionDate "2020.10.23"]
[SourceQuality "1"]

1. e4 c6 2. Nc3 d5 3. Nf3 Bg4 4. h3 Bxf3 5. Qxf3 e6 6. d4 Nf6 7. e5 Nfd7 8. Be3 c5 9. dxc5 Nc6 10. 0-0-0 Ndxe5 11. Qf4 Qa5 12. Kb1 Bxc5 13. Bxc5 Qxc5 14. Bb5 Ng6 15. Qc7 Qb6 16. Nxd5 exd5 17. Rhe1+ Kf8 18. Qxb6 axb6 19. Rxd5 Re8 20. Red1 Kg8 21. Rd7 Rb8 22. Bxc6 bxc6 23. Rd8+ Rxd8 24. Rxd8+ Nf8 25. Rc8 c5 26. Rb8 g6 27. Rxb6 Kg7 28. Rb8 Ne6 29. Rxh8 Kxh8 30. c3 Kg7 31. b4 c4 32. a4 Nc7 33. b5 Kf6 34. Kb2 Ke6 35. Ka3 Kd5 36. Kb4 g5 37. a5 f5 38. a6 Na8 39. g3 f4 40. gxf4 gxf4 41. f3 h6 42. h4 h5 43. Ka5 Kc5 44. a7 Kd6 45. Kb4 Nb6 46. a8Q Nxa8 47. Kxc4 Nb6+ 48. Kd4 Nd7 49. Ke4 Kc5 50. Kxf4 Kxb5 51. Kg5 Kc4 52. Kxh5 Kxc3 53. Kg6 Ne5+ 54. Kf5 Nxf3 55. h5 Nd4+ 56. Kf6 Ne2 57. h6 Ng3 58. h7 Ne4+ 59. Ke5 Ng5 60. h8Q Nf7+ 61. Kf6 Nxh8 1/2-1/2

[Event "Titled Tuesday intern op 16th June"]
[Site "Chess.com INT"]
[Date "2020.06.16"]
[Round "1"]
[White "Juarez Flores, Gustavo Enrique"]
[Black "Ledakov, Alexandr"]
[Result "0-1"]
[WhiteElo "2108"]
[BlackElo "2309"]
[PlyCount "26"]
[EventDate "2020.06.16"]
[EventType "swiss (blitz)"]
[EventRounds "10"]
[EventCountry "USA"]
[SourceTitle "EXT 2021"]
[Source "ChessBase"]
[SourceDate "2020.10.23"]
[SourceVersion "1"]
[SourceVersionDate "2020.10.23"]
[SourceQuality "1"]

1. e4 Nc6 2. d4 d6 3. g3 g6 4. Bg2 Bg7 5. Be3 e5 6. Nc3 exd4 7. Bd2 dxc3 8. Bxc3 Bxc3+ 9. bxc3 Qe7 10. Qd3 Nf6 11. Ne2 Ne5 12. f3 Nxd3+ 13. cxd3 0-0 0-1

[Event "Titled Tuesday intern op 9th June"]
[Site "Chess.com INT"]
[Date "2020.06.09"]
[Round "6"]
[White "Cervantes Landeiro, Thalia"]
[Black "Juarez Flores, Gustavo Enrique"]
[Result "1-0"]
[WhiteElo "2311"]
[BlackElo "2108"]
[PlyCount "71"]
[EventDate "2020.06.09"]
[EventType "swiss (blitz)"]
[EventRounds "10"]
[EventCountry "USA"]
[SourceTitle "CBM 196 Extra"]
[Source "ChessBase"]
[SourceDate "2020.07.31"]
[SourceVersion "1"]
[SourceVersionDate "2020.07.31"]
[SourceQuality "1"]

1. d4 Nf6 2. c4 e5 3. dxe5 Ng4 4. Bf4 Nc6 5. Nf3 Bb4+ 6. Nbd2 Qe7 7. g3 Ngxe5 8. Nxe5 Nxe5 9. Qb3 a5 10. Bg2 d6 11. 0-0 Bxd2 12. Bxd2 0-0 13. Rac1 Nd7 14. Rfe1 Nc5 15. Qc2 Bd7 16. Be3 Rab8 17. Bxc5 dxc5 18. e4 Bc6 19. e5 Bxg2 20. Kxg2 b6 21. Rcd1 Rbd8 22. Qe4 g6 23. Rd5 f5 24. Qf3 Qe6 25. Red1 Rde8 26. h4 Rf7 27. Qf4 Rfe7 28. Re1 Rd7 29. Qf3 c6 30. Rxd7 Qxd7 31. h5 Re6 32. hxg6 hxg6 33. Qf4 Qe7 34. Qh6 Rxe5 35. Qxg6+ Kf8 36. Rh1 1-0

[Event "Titled Tuesday intern op 9th June"]
[Site "Chess.com INT"]
[Date "2020.06.09"]
[Round "4"]
[White "Jakubowska, Anna"]
[Black "Juarez Flores, Gustavo Enrique"]
[Result "0-1"]
[WhiteElo "2073"]
[BlackElo "2108"]
[PlyCount "88"]
[EventDate "2020.06.09"]
[EventType "swiss (blitz)"]
[EventRounds "10"]
[EventCountry "USA"]
[SourceTitle "CBM 196 Extra"]
[Source "ChessBase"]
[SourceDate "2020.07.31"]
[SourceVersion "1"]
[SourceVersionDate "2020.07.31"]
[SourceQuality "1"]

1. e4 c5 2. Nc3 Nc6 3. g3 g6 4. Bg2 Bg7 5. d3 d6 6. Nh3 Nf6 7. 0-0 0-0 8. f4 Bg4 9. Qd2 Bxh3 10. Bxh3 Nd4 11. Nd1 b5 12. c3 Nc6 13. Qf2 e6 14. g4 b4 15. g5 Nd7 16. Bg2 bxc3 17. bxc3 Rc8 18. f5 exf5 19. exf5 Be5 20. f6 Nb4 21. Qh4 Nxd3 22. Qh6 Bxf6 23. gxf6 Nxf6 24. Bg5 Ng4 25. Qh4 Qd7 26. Bh3 f5 27. Ne3 h5 28. Bg2 Nde5 29. Bd5+ Kh7 30. h3 Nxe3 31. Bxe3 Rb8 32. Qf4 Qg7 33. Rad1 Rb2 34. Bg2 Rd8 35. Bxc5 dxc5 36. Rxd8 c4 37. Re8 Nd3 38. Qxc4 Rxg2+ 39. Kxg2 Qb7+ 40. Rf3 Qb2+ 41. Kg3 f4+ 42. Kh4 g5+ 43. Kxg5 Qg2+ 44. Kf5 Qg6# 0-1